Countries with the Most Ukrainian Speakers - Statistics

General Stats
  • This quiz has been taken 37 times
  • The average score is 13 of 15
Answer Stats
Ukrainian Speakers Country % Correct
1,866,000 Russia
100%
37,500,000 Ukraine
100%
107,252 Moldova
97%
219,000 Poland
97%
119,000 Belarus
94%
152,325 United States
94%
76,000 Romania
91%
248,000 Canada
88%
8,000 Estonia
88%
41,000 Latvia
88%
17,385 Lithuania
88%
5,000 Slovakia
84%
21,218 Hungary
78%
1,030,000 Kazakhstan
75%
1,755 Bulgaria
66%
No matching quizzes found
Score Distribution
Percent of People with Each Score
Percentile by Number Answered
Your Score History
You have not taken this quiz